=LDR 00000nam 2200000 4500 =001 INLIS000000000048008 =005 20160331092814.0 =006 =007 =008 =035 ##$$0010-031600000000121 =082 ##$$a 833 =090 ##$$a 833 $b Jim w =100 ##$$a Jim Dodge =245 ##$$a Win In Den Zaunen / $c Jim Dodge =260 ##$$a Berlin : $b Ullestein, $c 1985 =300 ##$$a 88 hlm . : $b ilus . ; $c 21 cm =650 ##$$a Fiksi Jerman =990 ##$$a 0001/BPAP-NTB/2016